| 000 | 01206nam a22002537a 4500 | ||
|---|---|---|---|
| 010 | _aA-282451 | ||
| 020 | _c74.00 | ||
| 035 | _aA-282451 | ||
| 037 | _aCen Lib / Ret | ||
| 040 |
_aDPL _bHN |
||
| 082 |
_a423.62 _bभारत |
||
| 245 | _aहिंदी- गुजरतीं -अंग्रेजी त्रिभाषा कोश / | ||
| 246 | _aHindi-Gujrati-English Trilingual Dictionary / | ||
| 260 |
_aनई दिल्ली _bकेंदीय हिंदी निदेशालय _c1986 |
||
| 270 |
_aशिक्षा विभाग, मानव संसाधन विकास मंत्रालय, पश्चिमी खण्ड-7 रामकृष्णपुरम _bनई दिल्ली _e110066 |
||
| 300 |
_a v 1. 1008 ; v 3.404p. _b24cm |
||
| 490 |
_aत्रिभाषा कोशमाला _v1 |
||
| 505 | _a v 1. v 3.व-ह | ||
| 650 | _aहिंदी--गुजराती--इंग्लिश शब्दकोष | ||
| 650 | _aहिंदी--शब्दकोष | ||
| 650 | _aHindi--Gujrati --english-- Dictionary | ||
| 650 | _aHindi -- Dictionary | ||
| 942 |
_2ddc _cHN _h423.62 _mभारत |
||
| 999 |
_c122161 _d122161 |
||